000
00288 a2200121 4500
001
63525
082
_a
423 CHA
090
_c
37533
_d
37533
100
_a
Chambers, Harrap
245
_a
Chambers Essential English Dictionary
260
_a
UK
_b
Chambers Harrap Pub
_c
1995
300
_a
xiii1167
942
_a
caenust
_k
423 CHA
999
_c
298598
_d
298598